La pensée 68 (Record no. 63594)

MARC details
000 -LEADER
campo de control de longitud fija 00627nam a2200217 i 4500
001 - NÚMERO DE CONTROL
campo de control 63594
003 - IDENTIFICADOR DE NÚMERO DE CONTROL
campo de control ES-MaACL
005 - FECHA Y HORA DE LA ÚLTIMA TRANSACCIÓN
campo de control 20230906164924.0
007 - CAMPO FIJO DE DESCRIPCIÓN FÍSICA--INFORMACIÓN GENERAL
campo de control de longitud fija t|
008 - DATOS DE LONGITUD FIJA--INFORMACIÓN GENERAL
campo de control de longitud fija 031212s1986 fr ||||1| fre d
020 ## - NÚMERO INTERNACIONAL ESTÁNDAR DEL LIBRO
Número Internacional Estándar del Libro 2-07-070535-8
100 1# - ENTRADA PRINCIPAL--NOMBRE DE PERSONA
Nombre de persona Ferry, Luc.
9 (RLIN) 50610
245 13 - MENCIÓN DEL TÍTULO
Título La pensée 68
Resto del título : essai sur l'anti-humanisme contemporain /
Mención de responsabilidad, etc. Luc Ferry, Alain Renaut.
260 ## - PUBLICACIÓN, DISTRIBUCIÓN, ETC.
Lugar de publicación, distribución, etc. [Paris] :
Nombre del editor, distribuidor, etc. Gallimard,
Fecha de publicación, distribución, etc. [1986]
300 ## - DESCRIPCIÓN FÍSICA
Extensión 293 p. ;
Dimensiones 21 cm.
490 1# - MENCIÓN DE SERIE
Mención de serie Le monde actuel
700 1# - ENTRADA AGREGADA--NOMBRE PERSONAL
Nombre de persona Renaut, Alain.
9 (RLIN) 96195
830 0# - PUNTO DE ACCESO ADICIONAL DE SERIE-TÍTULO UNIFORME
Título uniforme Le monde actuel
9 (RLIN) 182898
852 ## - LOCALIZACIÓN
Ubicación ES-MaACL
Número de control de estantería L-10676
Sublocalización o colección R.112512
Holdings
Estatus retirado Estado de pérdida Estado de daño No para préstamo Biblioteca de origen Biblioteca actual Ubicación en estantería Fecha de adquisición Fuente de adquisición Total de préstamos Signatura topográfica completa Código de barras Visto por última vez Precio de reemplazo Tipo de ítem Koha
        Biblioteca del Ateneo de Madrid Biblioteca del Ateneo de Madrid Depósito 2 17/01/2008     L-10676 1066654 23/02/2023 23/02/2023 Libro impreso